Statistics for Identify the Greek deity (picture quiz)

Click here to take the quiz!

General Stats

  • This quiz has been taken 57 times
  • The average score is 11 of 16

Answer Stats

Answer% Correct
Aphrodite
98%
Eros
81%
Poseidon
81%
Hermes
79%
Apollo
77%
Zeus
77%
Athena
75%
Atlas
75%
Dionysus
72%
Ares
66%
Hades
62%
Hephaestus
62%
Hera
60%
Artemis
58%
Pan
57%
Chronos
43%

Score Distribution

Percentile by Number Answered

Percent of People with Each Score

Your Score History

You have not taken this quiz